Perché dovrei affliggermi ora... /

Enregistré dans:
Détails bibliographiques
Auteur principal: Osho (Auteur)
Autres auteurs: Sarjano, Swami Svatantra
Format: Livre
Langue:italien
Publié: Roma : Stampa alternativa, 1992
Collection:Millelire
Tags: Ajouter un tag
Pas de tags, Soyez le premier à ajouter un tag!

MARC

LEADER 00000nam a22000007i 4500
001 IT\ICCU\CFI\0254675
003 ItRI
005 20260115231920.0
008 940127s1992 it |||||| ||||| |||||c
015 |2 IT  |a 92-4605 
020 |a 8872260809 
040 |b ita  |c importazione bologna sebina 
041 7 |a ita  |2 ISO-639-2 
082 |a 299  |9 ALTRE RELIGIONI  |2 11 
100 0 |a Osho  |0 IT\ICCU\CFIV\006573  |4 aut 
240 1 0 |a Why should I grieve over him?  |3 IT\ICCU\CFI\0254678  |9 Osho 
245 1 0 |a Perché dovrei affliggermi ora... /  |c Osho Rajneesh ; traduzione di Swami Svatantra Sarjano ... \et al.!. 
260 |a Roma :  |b Stampa alternativa,  |c 1992 
300 |a 61 p. ;  |c 15 cm. 
700 1 |a Sarjano, Swami Svatantra  |0 IT\ICCU\CFIV\133749 
790 0 |a Bhagwan Shree Rajneesh  |3 IT\ICCU\CFIV\144440  |z Osho 
790 1 |a Raineesh, Osho  |3 IT\ICCU\CFIV\151170  |z Osho 
790 1 |a Rajneesh, Acharya  |3 IT\ICCU\CFIV\125770  |z Osho 
790 1 |a Rajneesh, Bhagwan Shree  |3 IT\ICCU\CFIV\144439  |z Osho 
790 1 |a Rajneesh, Osho  |3 IT\ICCU\TO0V\162077  |z Osho 
790 1 |a Sarjano, Svatantra  |c  (swami)  |3 IT\ICCU\CFIV\133750  |z Sarjano, Swami Svatantra 
830 0 |a Millelire  |0 IT\ICCU\RAV\0186200 
942 |2 ddc  |c BK  |n 0 
952 |0 0  |1 0  |4 0  |6 DOC_181_400000000000000_RAJ  |7 0  |9 16401  |a BO  |b BO  |d 2026-01-15  |i 11562  |l 0  |o DOC 181.4 RAJ  |p BO11562  |r 2026-01-15 23:19:20  |w 2026-01-15  |x [Sebina 5] [1 v.]  |y BK  |z 1 v. 
999 |c 14068  |d 14068